[Event "Titled Tuesday intern op 13th Aug Late"]
[Site "Chess.com INT"]
[Date "2024.08.13"]
[Round "1"]
[White "Guillemette, Hugo"]
[Black "Cuenca Jimenez, Jose Fernando"]
[Result "1/2-1/2"]
[WhiteElo "2099"]
[BlackElo "2472"]
[PlyCount "139"]
[EventDate "2024.08.13"]
[EventType "swiss (blitz)"]
[EventRounds "11"]
[EventCountry "USA"]
[SourceTitle "EXT 2025"]
[Source "ChessBase"]
[SourceDate "2024.10.14"]
[SourceVersion "1"]
[SourceVersionDate "2024.10.14"]
[SourceQuality "1"]

1. d4 Nf6 2. c4 g6 3. g3 Bg7 4. Bg2 0-0 5. Nc3 d6 6. Nf3 c5 7. d5 e6 8. 0-0 exd5 9. cxd5 Re8 10. Nd2 a6 11. a4 Nbd7 12. Nc4 Ne5 13. Nxe5 Rxe5 14. e4 Re8 15. Qc2 Rb8 16. a5 b5 17. axb6 Qxb6 18. Rb1 a5 19. Bf4 Ng4 20. b3 Ne5 21. Rfd1 Bg4 22. Re1 Nf3+ 23. Bxf3 Bxf3 24. Re3 Bg4 25. Na4 Qa7 26. Ree1 Qa6 27. Rbc1 Rb4 28. Bd2 Rb7 29. Bf4 Rbe7 30. Kg2 Be2 31. Rxe2 f5 32. f3 fxe4 33. fxe4 Bd4 34. Rce1 Qb5 35. Nb2 Rd7 36. Nc4 Qa6 37. Qd3 Red8 38. Qf3 Qb7 39. Rf1 Rf7 40. Nxa5 Qb5 41. Nc6 Rdf8 42. Nxd4 cxd4 43. Ref2 g5 44. Qg4 h6 45. h4 Qd3 46. Bxd6 Rxf2+ 47. Rxf2 Rxf2+ 48. Kxf2 Qd2+ 49. Qe2 Qc3 50. hxg5 d3 51. Qd1 Qd4+ 52. Kg2 Qxe4+ 53. Kh2 hxg5 54. Bb4 Qxd5 55. Qd2 g4 56. Bc3 Qh5+ 57. Kg1 Qc5+ 58. Kf1 Qd5 59. Qf2 Qxb3 60. Qd4 Qd1+ 61. Kg2 Qf3+ 62. Kh2 Qe2+ 63. Kg1 Qd1+ 64. Kh2 Qe2+ 65. Kh1 Qf1+ 66. Qg1 Qh3+ 67. Qh2 Qf1+ 68. Qg1 Qh3+ 69. Qh2 Qf1+ 70. Qg1 1/2-1/2

[Event "Titled Tuesday intern op 13th Aug Late"]
[Site "Chess.com INT"]
[Date "2024.08.13"]
[Round "9"]
[White "Guillemette, Hugo"]
[Black "Medina Paz, Miguel"]
[Result "1-0"]
[WhiteElo "2099"]
[BlackElo "2368"]
[PlyCount "36"]
[EventDate "2024.08.13"]
[EventType "swiss (blitz)"]
[EventRounds "11"]
[EventCountry "USA"]
[SourceTitle "EXT 2025"]
[Source "ChessBase"]
[SourceDate "2024.10.14"]
[SourceVersion "1"]
[SourceVersionDate "2024.10.14"]
[SourceQuality "1"]

1. d4 Nf6 2. c4 g6 3. g3 Bg7 4. Bg2 0-0 5. Nf3 d6 6. 0-0 Nbd7 7. Nc3 c6 8. h3 e5 9. e4 Re8 10. Re1 a5 11. dxe5 dxe5 12. Be3 Qe7 13. b3 Nxe4 14. Nxe4 f5 15. Nc3 e4 16. Nd4 c5 17. Ndb5 Ne5 18. Nd5 Qf7 1-0

[Event "Titled Tuesday intern op 13th Aug Early"]
[Site "Chess.com INT"]
[Date "2024.08.13"]
[Round "11"]
[White "Guillemette, Hugo"]
[Black "Merriman, John"]
[Result "1-0"]
[WhiteElo "2099"]
[BlackElo "2242"]
[PlyCount "153"]
[EventDate "2024.08.13"]
[EventType "swiss (blitz)"]
[EventRounds "11"]
[EventCountry "USA"]
[SourceTitle "EXT 2025"]
[Source "ChessBase"]
[SourceDate "2024.10.14"]
[SourceVersion "1"]
[SourceVersionDate "2024.10.14"]
[SourceQuality "1"]

1. e4 e6 2. d4 d5 3. Nc3 Bb4 4. e5 c5 5. a3 Bxc3+ 6. bxc3 Nc6 7. Qg4 g6 8. Nf3 Qa5 9. Bd2 Qa4 10. Rc1 Bd7 11. h4 h6 12. h5 g5 13. Bd3 c4 14. Be2 f5 15. Qg3 Qxa3 16. Nh2 0-0-0 17. f4 g4 18. 0-0 Qa5 19. Ra1 Qc7 20. Rfb1 Kb8 21. Bc1 Nge7 22. Ba3 Nc8 23. Nf1 Rh7 24. Qf2 Rf7 25. g3 Ka8 26. Ne3 a5 27. Nd1 N8a7 28. Bc5 b5 29. Ne3 a4 30. Bf1 Rb8 31. Bg2 Rg7 32. Qf1 Be8 33. Bd6 Qa5 34. Bxb8 Nxb8 35. Qe1 Rd7 36. Kf2 Bxh5 37. Qh1 Be8 38. Qe1 Rh7 39. Qd2 h5 40. Rh1 Nbc6 41. Rh2 b4 42. cxb4 Qxb4 43. c3 Qb3 44. Rhh1 a3 45. Rhb1 Qa4 46. Rh1 Na5 47. Qa2 Nb3 48. Qxa3 Qxa3 49. Rxa3 Kb7 50. Ra2 Nb5 51. Nd1 Kb6 52. Re2 Bc6 53. Rh4 Nc1 54. Re1 Nd3+ 55. Ke2 Nxe1 56. Kxe1 Na3 57. Kd2 Ba4 58. Ne3 Nb1+ 59. Kc1 Nxc3 60. Kd2 Ne4+ 61. Bxe4 fxe4 62. f5 exf5 63. Nxf5 Rc7 64. Ne3 c3+ 65. Kc1 Rh7 66. Nxd5+ Kc6 67. Nxc3 Bb3 68. Kd2 Bd5 69. Ke3 Ra7 70. Nxd5 Kxd5 71. Rxh5 Ra3+ 72. Kf4 Kxd4 73. e6 e3 74. e7 e2 75. e8Q Re3 76. Qxe3+ Kc4 77. Qxe2+ 1-0

[Event "Titled Tuesday intern op 13th Aug Late"]
[Site "Chess.com INT"]
[Date "2024.08.13"]
[Round "8"]
[White "Martin Fuentes, Alberto"]
[Black "Guillemette, Hugo"]
[Result "1-0"]
[WhiteElo "2375"]
[BlackElo "2099"]
[PlyCount "113"]
[EventDate "2024.08.13"]
[EventType "swiss (blitz)"]
[EventRounds "11"]
[EventCountry "USA"]
[SourceTitle "EXT 2025"]
[Source "ChessBase"]
[SourceDate "2024.10.14"]
[SourceVersion "1"]
[SourceVersionDate "2024.10.14"]
[SourceQuality "1"]

1. e4 c5 2. Nc3 e6 3. g3 Nc6 4. Bg2 Nf6 5. d3 d5 6. Nge2 Be7 7. 0-0 0-0 8. exd5 exd5 9. d4 c4 10. Nf4 Bg4 11. Qd2 Bb4 12. a3 Ba5 13. b4 cxb3 14. cxb3 Rc8 15. b4 Bb6 16. Ncxd5 Nxd5 17. Nxd5 Bxd4 18. Bb2 Bxb2 19. Qxb2 Re8 20. Ne3 Be6 21. Rfd1 Qb6 22. Rd6 Rcd8 23. Rad1 Rxd6 24. Rxd6 Rd8 25. Qd2 Rxd6 26. Qxd6 Qd8 27. Qc5 Qb6 28. Qxb6 axb6 29. Bd5 Bd7 30. Nc4 b5 31. Nd6 Nd4 32. Nxf7 Kf8 33. Ne5 Be8 34. Be4 g6 35. Nf3 Nxf3+ 36. Bxf3 b6 37. Kf1 Ke7 38. Ke2 Kd6 39. Ke3 Ke5 40. Bb7 Bf7 41. f4+ Kd6 42. Kd4 Bc4 43. Be4 Bf1 44. Bd3 Bh3 45. Bxb5 Be6 46. Bd3 Bd7 47. Bf1 Bc6 48. Be2 h6 49. Bd1 g5 50. a4 gxf4 51. gxf4 Bd7 52. a5 bxa5 53. bxa5 Bb5 54. Bc2 Ke6 55. Bd3 Bc6 56. a6 Kf6 57. a7 1-0

[Event "Titled Tuesday intern op 13th Aug Late"]
[Site "Chess.com INT"]
[Date "2024.08.13"]
[Round "6"]
[White "Murugappan, Ganesh M"]
[Black "Guillemette, Hugo"]
[Result "1-0"]
[WhiteElo "2038"]
[BlackElo "2099"]
[PlyCount "83"]
[EventDate "2024.08.13"]
[EventType "swiss (blitz)"]
[EventRounds "11"]
[EventCountry "USA"]
[SourceTitle "EXT 2025"]
[Source "ChessBase"]
[SourceDate "2024.10.14"]
[SourceVersion "1"]
[SourceVersionDate "2024.10.14"]
[SourceQuality "1"]

1. e4 e5 2. Nf3 Nc6 3. Bb5 a6 4. Ba4 Nf6 5. 0-0 b5 6. Bb3 Bc5 7. c3 Bb6 8. d4 d6 9. h3 0-0 10. Bg5 h6 11. Bh4 exd4 12. cxd4 g5 13. Bg3 Bb7 14. Re1 Nh5 15. Bh2 Ng7 16. Nc3 Na5 17. Bc2 Nc4 18. b3 Na3 19. Bd3 b4 20. Ne2 Nb5 21. Qd2 c5 22. dxc5 dxc5 23. Rad1 Qc8 24. Qc1 Rd8 25. Ne5 Qe6 26. Bc4 Rxd1 27. Rxd1 Qf6 28. Nxf7 Kh7 29. e5 Qg6 30. Bd3 Be4 31. Bxe4 Qxe4 32. Ng3 Qg6 33. Nd6 Rd8 34. Nde4 Rxd1+ 35. Qxd1 Nd4 36. Nf6+ Kh8 37. Nge4 Bc7 38. Qg4 h5 39. Qc8+ Ne8 40. Qxe8+ Qxe8 41. Nxe8 Kg8 42. Nxc7 1-0

[Event "Titled Tuesday intern op 13th Aug Early"]
[Site "Chess.com INT"]
[Date "2024.08.13"]
[Round "6"]
[White "Szpar, Milosz"]
[Black "Guillemette, Hugo"]
[Result "1-0"]
[WhiteElo "2483"]
[BlackElo "2099"]
[PlyCount "131"]
[EventDate "2024.08.13"]
[EventType "swiss (blitz)"]
[EventRounds "11"]
[EventCountry "USA"]
[SourceTitle "EXT 2025"]
[Source "ChessBase"]
[SourceDate "2024.10.14"]
[SourceVersion "1"]
[SourceVersionDate "2024.10.14"]
[SourceQuality "1"]

1. b3 Nf6 2. Bb2 c5 3. e3 Nc6 4. Bb5 Qc7 5. f4 a6 6. Bd3 d6 7. Nf3 g6 8. Nc3 Bg7 9. Nd5 Qd8 10. Nxf6+ exf6 11. Qe2 0-0 12. 0-0 d5 13. Qf2 Nb4 14. h3 Nxd3 15. cxd3 Bd7 16. Rfc1 b6 17. d4 Rc8 18. Ba3 f5 19. Ne5 Re8 20. dxc5 bxc5 21. Bxc5 Bxe5 22. fxe5 Rxe5 23. Bd4 Re8 24. Qf4 Qe7 25. Rc7 Rxc7 26. Qxc7 Rc8 27. Qb7 Qe6 28. Kh1 Bb5 29. a4 Bd3 30. Kh2 Qd6+ 31. g3 Rb8 32. Qa7 h5 33. Rc1 h4 34. Qc7 hxg3+ 35. Kg1 Qxc7 36. Rxc7 g5 37. Rc3 Be4 38. d3 Bf3 39. Be5 Re8 40. d4 f6 41. Bxf6 g4 42. Be5 gxh3 43. Bxg3 Kf7 44. b4 Bd1 45. b5 axb5 46. axb5 Re7 47. b6 Ba4 48. Kh2 Rb7 49. Bc7 Bd7 50. Kg3 Ke7 51. Rc2 Be6 52. Rh2 Kd7 53. Kf4 Kc6 54. Rxh3 Bd7 55. Rh6+ Kb5 56. Rd6 Bc8 57. Rxd5+ Kc6 58. Rxf5 Bxf5 59. Kxf5 Kd7 60. e4 Ke7 61. e5 Kd7 62. d5 Ke7 63. e6 Ke8 64. d6 Kf8 65. Kf6 Ke8 66. d7+ 1-0

[Event "Titled Tuesday intern op 13th Aug Late"]
[Site "Chess.com INT"]
[Date "2024.08.13"]
[Round "2"]
[White "Troff, Kayden W"]
[Black "Guillemette, Hugo"]
[Result "0-1"]
[WhiteElo "2490"]
[BlackElo "2099"]
[PlyCount "160"]
[EventDate "2024.08.13"]
[EventType "swiss (blitz)"]
[EventRounds "11"]
[EventCountry "USA"]
[SourceTitle "EXT 2025"]
[Source "ChessBase"]
[SourceDate "2024.10.14"]
[SourceVersion "1"]
[SourceVersionDate "2024.10.14"]
[SourceQuality "1"]

1. d4 Nf6 2. Nf3 e6 3. Bf4 c5 4. e3 Be7 5. Nc3 cxd4 6. Qxd4 Nc6 7. Qd2 d5 8. Bb5 0-0 9. 0-0 Qb6 10. Bxc6 bxc6 11. Rab1 Ba6 12. Rfd1 Bb4 13. Be5 Ne4 14. Qc1 Bxc3 15. bxc3 Qa5 16. Qb2 f6 17. Bg3 Nxc3 18. Nd4 Nxd1 19. Rxd1 Rfe8 20. Bd6 c5 21. Nb3 Qd8 22. Bxc5 Bc4 23. Qd4 Qc7 24. Nd2 e5 25. Bd6 Qc6 26. Qg4 Bxa2 27. Ba3 Qxc2 28. h4 Qc8 29. Qg3 Qc2 30. Qg4 f5 31. Qf3 e4 32. Qe2 Bc4 33. Qe1 Bd3 34. Rc1 Qa4 35. Bb2 Rec8 36. Ra1 Qb5 37. Bd4 a5 38. f3 a4 39. Qg3 Qd7 40. h5 a3 41. h6 Qf7 42. Bxg7 Qg6 43. Qe5 Rd8 44. Qe7 Re8 45. Qb7 Rad8 46. Rxa3 f4 47. exf4 e3 48. f5 Bxf5 49. Rxe3 Rxe3 50. Qc7 Rde8 51. Bd4 Re1+ 52. Nf1 R1e7 53. Qc5 Qf7 54. Bc3 Rc7 55. Qd4 Rxc3 56. Qxc3 Qe7 57. Kh2 Qe5+ 58. Qxe5 Rxe5 59. Ng3 Bg6 60. f4 Re8 61. f5 Bf7 62. Kh3 d4 63. Kg4 d3 64. Nf1 Re2 65. Kf3 Bh5+ 66. g4 Bxg4+ 67. Kxg4 d2 68. f6 d1Q 69. Ng3 Re4+ 70. Kh3 Rg4 71. f7+ Kxf7 72. Kh2 Qf3 73. Kg1 Qxg3+ 74. Kf1 Qf3+ 75. Ke1 Re4+ 76. Kd2 Qe3+ 77. Kc2 Rc4+ 78. Kb2 Qc3+ 79. Ka2 Ra4+ 80. Kb1 Ra1# 0-1

[Event "Titled Tuesday intern op 13th Aug Late"]
[Site "Chess.com INT"]
[Date "2024.08.13"]
[Round "10"]
[White "Vujcic, Milena"]
[Black "Guillemette, Hugo"]
[Result "0-1"]
[WhiteElo "2076"]
[BlackElo "2099"]
[PlyCount "54"]
[EventDate "2024.08.13"]
[EventType "swiss (blitz)"]
[EventRounds "11"]
[EventCountry "USA"]
[SourceTitle "EXT 2025"]
[Source "ChessBase"]
[SourceDate "2024.10.14"]
[SourceVersion "1"]
[SourceVersionDate "2024.10.14"]
[SourceQuality "1"]

1. e4 c5 2. Nf3 e6 3. d4 cxd4 4. Nxd4 Nc6 5. Nc3 Qc7 6. Be3 a6 7. Be2 Nf6 8. 0-0 Bb4 9. f3 0-0 10. Kh1 b5 11. a4 bxa4 12. Nxa4 Rb8 13. c3 Be7 14. b4 Ne5 15. Bg1 Bb7 16. b5 Nc4 17. Qd3 d5 18. exd5 exd5 19. Nf5 axb5 20. Nxe7+ Qxe7 21. Bc5 Qc7 22. Bxf8 Rxf8 23. Nb2 Nxb2 24. Qxb5 Nc4 25. Bxc4 dxc4 26. Ra7 Ng4 27. Rxb7 Qxh2# 0-1

[Event "Titled Tuesday intern op 06th Aug Late"]
[Site "Chess.com INT"]
[Date "2024.08.06"]
[Round "3"]
[White "Askarov, Bakhtiyar"]
[Black "Guillemette, Hugo"]
[Result "1-0"]
[WhiteElo "2280"]
[BlackElo "2099"]
[PlyCount "83"]
[EventDate "2024.08.06"]
[EventType "swiss (blitz)"]
[EventRounds "11"]
[EventCountry "USA"]
[SourceTitle "EXT 2025"]
[Source "ChessBase"]
[SourceDate "2024.10.14"]
[SourceVersion "1"]
[SourceVersionDate "2024.10.14"]
[SourceQuality "1"]

1. d4 Nf6 2. Bg5 c5 3. d5 Ne4 4. h4 h6 5. Bf4 d6 6. Nd2 Nxd2 7. Qxd2 Bf5 8. f3 Qb6 9. 0-0-0 g6 10. e4 Bg7 11. c3 Bd7 12. Kb1 Na6 13. Ne2 Ba4 14. Re1 Nc7 15. Ka1 Bb5 16. g4 a5 17. Ng3 a4 18. a3 Qa6 19. h5 g5 20. Be3 Bxf1 21. Rhxf1 b5 22. Nf5 Bf6 23. e5 Bxe5 24. Bxc5 Rc8 25. Rxe5 dxe5 26. Nxe7 Rd8 27. Re1 Qe6 28. Rd1 Qf6 29. Qd3 Rd7 30. d6 Ne6 31. Bb4 Nf4 32. Qxb5 Qe6 33. Nf5 0-0 34. Nxh6+ Kh7 35. Nf5 Rfd8 36. Qxa4 e4 37. Qc2 Re8 38. Re1 Qd5 39. fxe4 Qe5 40. c4 Rc8 41. c5 f6 42. Qc4 1-0

[Event "Titled Tuesday intern op 06th Aug Early"]
[Site "Chess.com INT"]
[Date "2024.08.06"]
[Round "4"]
[White "Guillemette, Hugo"]
[Black "Arshiya, Das"]
[Result "1-0"]
[WhiteElo "2099"]
[BlackElo "1989"]
[PlyCount "63"]
[EventDate "2024.08.06"]
[EventType "swiss (blitz)"]
[EventRounds "11"]
[EventCountry "USA"]
[SourceTitle "EXT 2025"]
[Source "ChessBase"]
[SourceDate "2024.10.14"]
[SourceVersion "1"]
[SourceVersionDate "2024.10.14"]
[SourceQuality "1"]

1. d4 d5 2. c4 c6 3. Nf3 Nf6 4. Nc3 Bf5 5. g3 e6 6. Bg2 Nbd7 7. 0-0 Bd6 8. Re1 0-0 9. Nh4 Bg6 10. Nxg6 fxg6 11. e4 dxe4 12. Nxe4 Nxe4 13. Rxe4 Qf6 14. Qe2 Rae8 15. Bh3 Kf7 16. Bf4 Bb4 17. a3 Ba5 18. Bd6 Rh8 19. Rf4 Bd8 20. Rxf6+ Bxf6 21. Re1 Nf8 22. Bxf8 Rhxf8 23. Bxe6+ Ke7 24. d5 Kd6 25. Qd3 c5 26. Qb3 Re7 27. Qb5 Bd4 28. Re2 Rc7 29. b4 a6 30. Qb6+ Ke7 31. Qxc7+ Ke8 32. Bf7# 1-0